[Event "PRO League Atlantic"]
[Site "chess.com INT"]
[Date "2017.01.18"]
[Round "2"]
[White "Preotu, Razvan"]
[Black "Lesiege, Alexandre"]
[Result "1-0"]
[WhiteElo "2495"]
[BlackElo "2521"]
[WhiteFideId "-1"]
[WhiteFideId "-1"]
[PlyCount "81"]
[GameId "2130307636754208"]
[EventDate "2017.01.11"]
[EventType "team"]
[EventRounds "7"]
[EventCountry "USA"]
[SourceTitle "The Week in Chess 1159"]
[Source "Mark Crowther"]
[SourceDate "2017.01.23"]
[SourceVersion "1"]
[SourceVersionDate "2017.01.23"]
[SourceQuality "2"]
[WhiteTeam "Toronto Dragons"]
[BlackTeam "Montreal ChessBrahs"]

1. e4 e5 2. Nf3 Nc6 3. Bb5 a6 4. Ba4 Nf6 5. O-O Be7 6. Re1 b5 7. Bb3 d6 8. c3 O-O 9. h3 Nb8 10. d4 Nbd7 11. Nbd2 Bb7 12. Bc2 Re8 13. Nf1 Bf8 14. Ng3 g6 15. a4 c5 16. d5 c4 17. Bg5 Nc5 18. Qd2 Be7 19. Be3 Nfd7 20. Nh2 h5 21. Rf1 Bf6 22. f4 exf4 23. Rxf4 Be5 24. Raf1 Bxf4 25. Bxf4 h4 26. Ng4 hxg3 27. Bxd6 f6 28. Qh6 Re7 29. e5 Rh7 30. Qxg6+ Rg7 31. Nh6+ Kh8 32. Qh5 Qe8 33. Nf7+ Kg8 34. Nh6+ Kh8 35. Qh4 Nd3 36. Bxd3 cxd3 37. exf6 Rh7 38. f7 Qd8 39. Qd4+ Rg7 40. f8=Q+ Qxf8 41. Bxf8 1-0

[Event "PRO League Atlantic"]
[Site "chess.com INT"]
[Date "2017.01.25"]
[Round "3"]
[White "Lesiege, Alexandre"]
[Black "Mareco, Sandro"]
[Result "1-0"]
[WhiteElo "2521"]
[BlackElo "2645"]
[WhiteFideId "-1"]
[WhiteFideId "-1"]
[PlyCount "85"]
[GameId "2130307636754243"]
[EventDate "2017.01.11"]
[EventType "team"]
[EventRounds "7"]
[EventCountry "USA"]
[SourceTitle "The Week in Chess 1160"]
[Source "Mark Crowther"]
[SourceDate "2017.01.30"]
[SourceVersion "1"]
[SourceVersionDate "2017.01.30"]
[SourceQuality "2"]
[WhiteTeam "Montreal ChessBrahs"]
[BlackTeam "Buenos Aires Krakens"]

1. Nf3 Nf6 2. c4 e6 3. g3 d5 4. d4 Bb4+ 5. Bd2 Be7 6. Bg2 O-O 7. O-O c6 8. Na3 Nbd7 9. Rc1 Ne4 10. Be3 Nd6 11. Bf4 Nf5 12. Qd3 Nf6 13. Rfd1 h6 14. Rc2 a5 15. Nb1 a4 16. Ne5 Bd6 17. Nc3 Qe7 18. e4 dxe4 19. Nxe4 Nxe4 20. Qxe4 Rd8 21. Rcd2 Bb4 22. Rd3 a3 23. b3 f6 24. Nf3 Bd7 25. c5 g5 26. Bd2 Bxd2 27. Nxd2 Be8 28. Nc4 Bg6 29. Qe1 Re8 30. b4 Qf7 31. Be4 Rad8 32. Nxa3 e5 33. dxe5 Rxd3 34. Bxd3 Kh7 35. Nc4 fxe5 36. Bxf5 Qxf5 37. Nd6 Qe6 38. Nxe8 Bxe8 39. Qe4+ Kg7 40. Rd6 Qe7 41. h4 Bf7 42. hxg5 hxg5 43. a4 1-0

[Event "PRO League Atlantic"]
[Site "chess.com INT"]
[Date "2017.01.25"]
[Round "3"]
[White "Lesiege, Alexandre"]
[Black "Sanhueza, Cristian"]
[Result "0-1"]
[WhiteElo "2521"]
[BlackElo "2257"]
[WhiteFideId "-1"]
[WhiteFideId "-1"]
[PlyCount "68"]
[GameId "2130307636754244"]
[EventDate "2017.01.11"]
[EventType "team"]
[EventRounds "7"]
[EventCountry "USA"]
[SourceTitle "The Week in Chess 1160"]
[Source "Mark Crowther"]
[SourceDate "2017.01.30"]
[SourceVersion "1"]
[SourceVersionDate "2017.01.30"]
[SourceQuality "2"]
[WhiteTeam "Montreal ChessBrahs"]
[BlackTeam "Buenos Aires Krakens"]

1. d4 Nf6 2. c4 g6 3. Nf3 Bg7 4. g3 O-O 5. Bg2 d6 6. O-O Nc6 7. Nc3 a6 8. Qd3 e5 9. dxe5 dxe5 10. Qxd8 Rxd8 11. Bg5 Re8 12. Nd5 Nxd5 13. cxd5 Nd4 14. Nxd4 exd4 15. Rac1 Be5 16. Bf3 Bh3 17. Rfd1 f6 18. Bf4 Re7 19. Rc4 Rae8 20. Bxe5 fxe5 21. Rdc1 e4 22. Bg2 Bxg2 23. Kxg2 d3 24. exd3 exd3 25. Rd4 Re2 26. Rxc7 Rf8 27. d6 Rfxf2+ 28. Kh3 Rxh2+ 29. Kg4 d2 30. d7 Re4+ 31. Rxe4 d1=Q+ 32. Kf4 Rf2+ 33. Ke5 Rf5+ 34. Ke6 Qd5+ 0-1

[Event "PRO League Atlantic"]
[Site "chess.com INT"]
[Date "2017.01.25"]
[Round "3"]
[White "Perez Ponsa, Federico"]
[Black "Lesiege, Alexandre"]
[Result "1-0"]
[WhiteElo "2583"]
[BlackElo "2521"]
[WhiteFideId "-1"]
[WhiteFideId "-1"]
[PlyCount "81"]
[GameId "2130307636754261"]
[EventDate "2017.01.11"]
[EventType "team"]
[EventRounds "7"]
[EventCountry "USA"]
[SourceTitle "The Week in Chess 1160"]
[Source "Mark Crowther"]
[SourceDate "2017.01.30"]
[SourceVersion "1"]
[SourceVersionDate "2017.01.30"]
[SourceQuality "2"]
[WhiteTeam "Buenos Aires Krakens"]
[BlackTeam "Montreal ChessBrahs"]

1. e4 e5 2. Nf3 Nc6 3. Bc4 Bc5 4. c3 Nf6 5. d3 a6 6. O-O d6 7. Bb3 Ba7 8. Nbd2 O-O 9. h3 h6 10. Re1 Re8 11. Nf1 Be6 12. Ng3 Qd7 13. Bc2 d5 14. exd5 Bxd5 15. Be3 Bxe3 16. Rxe3 Re7 17. Qe2 Rae8 18. b4 Re6 19. a4 Bxf3 20. Rxf3 Nd5 21. Qd2 Rf6 22. Rxf6 Nxf6 23. Re1 b5 24. axb5 axb5 25. Qe3 Nd5 26. Qc5 Qd6 27. Qxd6 cxd6 28. Bb3 Nf4 29. Nf5 d5 30. g3 Nxh3+ 31. Kg2 Ng5 32. Bxd5 Nd8 33. Nd6 Re7 34. Nxb5 Kh7 35. c4 f6 36. c5 Rd7 37. Nd6 Ndf7 38. Bxf7 Nxf7 39. Nxf7 Rxf7 40. c6 Rc7 41. Rc1 1-0

[Event "PRO League Atlantic"]
[Site "chess.com INT"]
[Date "2017.01.25"]
[Round "3"]
[White "Pichot, Alan"]
[Black "Lesiege, Alexandre"]
[Result "1-0"]
[WhiteElo "2548"]
[BlackElo "2521"]
[WhiteFideId "-1"]
[WhiteFideId "-1"]
[PlyCount "55"]
[GameId "2130307636754263"]
[EventDate "2017.01.11"]
[EventType "team"]
[EventRounds "7"]
[EventCountry "USA"]
[SourceTitle "The Week in Chess 1160"]
[Source "Mark Crowther"]
[SourceDate "2017.01.30"]
[SourceVersion "1"]
[SourceVersionDate "2017.01.30"]
[SourceQuality "2"]
[WhiteTeam "Buenos Aires Krakens"]
[BlackTeam "Montreal ChessBrahs"]

1. e4 e5 2. Nf3 Nc6 3. Bb5 a6 4. Ba4 Nf6 5. O-O Be7 6. Re1 b5 7. Bb3 O-O 8. c3 d5 9. d4 exd4 10. e5 Ne4 11. cxd4 Bf5 12. Nc3 Nxc3 13. bxc3 Qd7 14. Bf4 Na5 15. Bc2 Nc4 16. Qb1 Bxc2 17. Qxc2 a5 18. Bg5 Ra6 19. Bxe7 Qxe7 20. Nd2 Rc6 21. Nb3 Rh6 22. Nc5 Qh4 23. h3 Qg5 24. Qd3 Rg6 25. g3 Re8 26. a4 bxa4 27. Rxa4 Nb2 28. Qb5 1-0

[Event "PRO League Group Stage"]
[Site "chess.com INT"]
[Date "2017.02.15"]
[Round "6"]
[White "Dominguez Perez, Leinier"]
[Black "Lesiege, Alexandre"]
[Result "1-0"]
[WhiteElo "2739"]
[BlackElo "2521"]
[WhiteFideId "-1"]
[WhiteFideId "-1"]
[PlyCount "145"]
[GameId "2130307636796084"]
[EventDate "2017.01.11"]
[EventType "team"]
[EventRounds "7"]
[EventCountry "USA"]
[SourceTitle "The Week in Chess 1163"]
[Source "Mark Crowther"]
[SourceDate "2017.02.20"]
[SourceVersion "1"]
[SourceVersionDate "2017.02.20"]
[SourceQuality "2"]
[WhiteTeam "Miami Champions"]
[BlackTeam "Montreal ChessBrahs"]

1. e4 e5 2. Nf3 Nc6 3. Bb5 a6 4. Ba4 Nf6 5. O-O Be7 6. Re1 b5 7. Bb3 O-O 8. a4 b4 9. d4 d6 10. dxe5 Nxe5 11. Nxe5 dxe5 12. Qe2 Bc5 13. Be3 Bxe3 14. Qxe3 Ng4 15. Qe2 Qh4 16. h3 Nf6 17. Nd2 Nh5 18. Nf3 Qf6 19. Qe3 Nf4 20. Kh2 a5 21. Bc4 Ba6 22. Bxa6 Rxa6 23. Rad1 Rc6 24. Rd2 Ne6 25. g3 h5 26. Kg2 Nd4 27. Nxd4 exd4 28. Qd3 h4 29. e5 Qd8 30. Re4 hxg3 31. fxg3 Qg5 32. Qxd4 Rc4 33. Qxc4 Qxd2+ 34. Re2 Qd8 35. h4 Re8 36. e6 fxe6 37. Rxe6 Rxe6 38. Qxe6+ Kh8 39. Qe4 Kg8 40. b3 Kh8 41. Kf3 Qf6+ 42. Kg4 Qc3 43. Kf4 Qf6+ 44. Kg4 Qc3 45. h5 Qf6 46. Qf5 Qd4+ 47. Kh3 Qc3 48. Qf8+ Kh7 49. Qf5+ Kh8 50. Kh4 Qd4+ 51. g4 Qd8+ 52. Kg3 Qd4 53. Qc8+ Kh7 54. Qf5+ Kh8 55. Kf3 Qc3+ 56. Ke2 c5 57. Qf8+ Kh7 58. Qf5+ Kh8 59. g5 Qd4 60. Qf8+ Kh7 61. Qf5+ Kg8 62. g6 Qd8 63. h6 Qe7+ 64. Kd3 gxh6 65. Kc4 Kg7 66. Kb5 Qf6 67. Qd7+ Kxg6 68. Kxa5 h5 69. Kb5 Qf5 70. Qxf5+ Kxf5 71. a5 h4 72. a6 h3 73. a7 1-0

[Event "PRO League Group Stage"]
[Site "chess.com INT"]
[Date "2017.02.15"]
[Round "6"]
[White "Lesiege, Alexandre"]
[Black "Quesada Perez, Yuniesky"]
[Result "1-0"]
[WhiteElo "2521"]
[BlackElo "2630"]
[WhiteFideId "-1"]
[WhiteFideId "-1"]
[PlyCount "67"]
[GameId "2130307636800236"]
[EventDate "2017.01.11"]
[EventType "team"]
[EventRounds "7"]
[EventCountry "USA"]
[SourceTitle "The Week in Chess 1163"]
[Source "Mark Crowther"]
[SourceDate "2017.02.20"]
[SourceVersion "1"]
[SourceVersionDate "2017.02.20"]
[SourceQuality "2"]
[WhiteTeam "Montreal ChessBrahs"]
[BlackTeam "Miami Champions"]

1. Nf3 Nf6 2. c4 e6 3. Nc3 d5 4. d4 c6 5. Bg5 Nbd7 6. e3 h6 7. Bh4 Be7 8. Bd3 b6 9. O-O Bb7 10. cxd5 cxd5 11. Qe2 O-O 12. Rfc1 a6 13. Rc2 b5 14. a4 b4 15. Nb1 Rc8 16. Rxc8 Qxc8 17. Nbd2 a5 18. Nb3 Qa8 19. Ne5 Nb6 20. Nc5 Bc6 21. Bb5 Be8 22. Rc1 g5 23. Bg3 Ne4 24. Nxe4 dxe4 25. Qh5 Bxb5 26. axb5 Qd5 27. Ng6 Re8 28. Qxh6 fxg6 29. Qxg6+ Kf8 30. Be5 Rc8 31. Bg7+ Kg8 32. Bf6+ Kf8 33. Qg7+ Ke8 34. Qxe7# 1-0

[Event "PRO League Group Stage"]
[Site "chess.com INT"]
[Date "2017.02.22"]
[Round "7"]
[White "Erenburg, Sergey"]
[Black "Lesiege, Alexandre"]
[Result "0-1"]
[WhiteElo "2570"]
[BlackElo "2521"]
[WhiteFideId "-1"]
[WhiteFideId "-1"]
[PlyCount "164"]
[GameId "2130307636808602"]
[EventDate "2017.01.11"]
[EventType "team"]
[EventRounds "7"]
[EventCountry "USA"]
[SourceTitle "The Week in Chess 1164"]
[Source "Mark Crowther"]
[SourceDate "2017.02.27"]
[SourceVersion "2"]
[SourceVersionDate "2017.02.28"]
[SourceQuality "2"]
[WhiteTeam "Philadelphia Inventors"]
[BlackTeam "Montreal ChessBrahs"]

1. e4 e5 2. Nf3 Nc6 3. Bb5 a6 4. Ba4 Nf6 5. O-O Be7 6. d3 b5 7. Bb3 d6 8. a4 Bd7 9. c3 O-O 10. Nbd2 Na5 11. Bc2 c5 12. axb5 axb5 13. d4 cxd4 14. cxd4 Nc6 15. Rxa8 Qxa8 16. d5 Nb4 17. Bb1 Na2 18. Qb3 Nxc1 19. Rxc1 Rc8 20. Rxc8+ Qxc8 21. Bd3 Qc1+ 22. Nf1 Qc5 23. Qc2 Qa7 24. Ne3 Bd8 25. Nd2 Bb6 26. Ndf1 Bd4 27. h3 g6 28. b3 Kg7 29. Qe2 Qa3 30. Qc2 Qa7 31. Qe2 Qa3 32. Qc2 Qa7 33. Kh2 Qb6 34. Kg1 Nh5 35. Be2 Nf6 36. Bd3 Nh5 37. Be2 Nf6 38. Bf3 h5 39. h4 Ne8 40. Qe2 Nf6 41. Nc2 b4 42. Nxd4 Qxd4 43. Nd2 Qc3 44. Qe3 Bb5 45. Kh2 Qxe3 46. fxe3 Nd7 47. Kg3 Nc5 48. Bd1 Kf6 49. Kf3 g5 50. hxg5+ Kxg5 51. g3 Bd3 52. Be2 Bc2 53. Bc4 f6 54. Bf1 Bxb3 55. Ke2 Bc2 56. Nf3+ Kg6 57. Kd2 b3 58. Nh4+ Kf7 59. Nf5 Nxe4+ 60. Kc1 Kg6 61. Bh3 Nf2 62. Nh4+ Kh6 63. Bf1 Kg5 64. Be2 Ng4 65. Nf3+ Kg6 66. Nh4+ Kf7 67. Bxg4 hxg4 68. Ng2 Kg6 69. Nh4+ Kg5 70. Kb2 f5 71. Ng2 Be4 72. Ne1 Bxd5 73. Kc3 f4 74. exf4+ exf4 75. gxf4+ Kxf4 76. Nd3+ Kf5 77. Nf2 g3 78. Nd1 Kf4 79. Kd4 g2 80. Kxd5 g1=Q 81. Nc3 Qg2+ 82. Kc4 Qc2 0-1

[Event "PRO League Group Stage"]
[Site "chess.com INT"]
[Date "2017.02.22"]
[Round "7"]
[White "Lesiege, Alexandre"]
[Black "Bartell, Thomas"]
[Result "1/2-1/2"]
[WhiteElo "2521"]
[BlackElo "2345"]
[WhiteFideId "-1"]
[WhiteFideId "-1"]
[PlyCount "91"]
[GameId "2130307636808657"]
[EventDate "2017.01.11"]
[EventType "team"]
[EventRounds "7"]
[EventCountry "USA"]
[SourceTitle "The Week in Chess 1164"]
[Source "Mark Crowther"]
[SourceDate "2017.02.27"]
[SourceVersion "2"]
[SourceVersionDate "2017.02.28"]
[SourceQuality "2"]
[WhiteTeam "Montreal ChessBrahs"]
[BlackTeam "Philadelphia Inventors"]

1. d4 d5 2. c4 c6 3. cxd5 cxd5 4. Bf4 Nc6 5. e3 Nf6 6. Nc3 Bf5 7. Qb3 Na5 8. Qa4+ Bd7 9. Qc2 e6 10. Nf3 Be7 11. h3 O-O 12. Bd3 Rc8 13. O-O b5 14. Qe2 b4 15. Nb1 Nc4 16. Ne5 Nxe5 17. Bxe5 Qb6 18. Nd2 a5 19. f4 Bc6 20. f5 Bd7 21. fxe6 fxe6 22. Rf3 Be8 23. Raf1 Bh5 24. g4 Bg6 25. Bxg6 hxg6 26. Qd3 Kh7 27. Rf4 Nd7 28. Nf3 Rxf4 29. Bxf4 Qc6 30. Bg5 Bf6 31. Bxf6 gxf6 32. Rf2 Qc4 33. Ne1 Kg7 34. Kg2 g5 35. a3 b3 36. Qe2 Qxe2 37. Rxe2 Rc1 38. Nd3 Rd1 39. Nf2 Rb1 40. Nd3 Rd1 41. Nf2 Rc1 42. Nd3 Rd1 43. Nf2 Rc1 44. Nd3 Rd1 45. Nf2 Rc1 46. Nd3 1/2-1/2

[Event "PRO League Stage"]
[Site "Chess.com INT"]
[Date "2017.02.22"]
[Round "7"]
[White "Lesiege, Alexandre"]
[Black "Vovk, Andrey"]
[Result "0-1"]
[WhiteElo "2521"]
[BlackElo "2633"]
[WhiteFideId "-1"]
[WhiteFideId "-1"]
[PlyCount "110"]
[GameId "1089844240379904"]
[EventDate "2017.01.11"]
[EventType "team-swiss (rapid)"]
[EventRounds "7"]
[EventCountry "USA"]
[SourceTitle "EXT 2018"]
[Source "ChessBase"]
[SourceDate "2017.10.13"]
[SourceVersion "1"]
[SourceVersionDate "2017.10.13"]
[SourceQuality "1"]
[WhiteTeam "Montreal ChessBrahs"]
[BlackTeam "Philadelphia Inventors"]
[WhiteTeamCountry "CAN"]
[BlackTeamCountry "USA"]

1. d4 f5 2. g3 Nf6 3. Bg2 g6 4. Nf3 Bg7 5. O-O O-O 6. b3 d6 7. Bb2 c6 8. c4 a5 9. Nc3 Qc7 10. d5 Na6 11. Nd4 Bd7 12. e4 fxe4 13. Nxe4 Nxe4 14. Bxe4 Qb6 15. Rb1 Rf7 16. Qd2 Nc7 17. Nf3 Bxb2 18. Rxb2 cxd5 19. cxd5 Raf8 20. Ng5 Rf6 21. h4 h6 22. Ne6 Bxe6 23. dxe6 Kg7 24. b4 a4 25. h5 gxh5 26. Qd1 Qb5 27. Rc2 Nxe6 28. Qd5 Qxb4 29. Rc4 Qb6 30. Qxb7 Qxb7 31. Bxb7 Nc5 32. Bc6 Nd3 33. Rc2 h4 34. gxh4 Rf4 35. Rc3 Ne5 36. Bd5 Rxh4 37. Rfc1 Rf5 38. Rg3+ Rg5 39. Rc7 Kf6 40. Ra7 Rd4 41. Bg8 Rxg3+ 42. fxg3 Nd3 43. Ra8 Nc5 44. Kg2 e6 45. Kf3 Rd2 46. Ra7 Rxa2 47. Rf7+ Kg6 48. Re7 Ra3+ 49. Kg2 Re3 50. Ra7 a3 51. Bf7+ Kf6 52. Bg8 Ne4 53. Rf7+ Ke5 54. Re7 Rxg3+ 55. Kh2 Rxg8 0-1

[Event "PRO League Stage"]
[Site "Chess.com INT"]
[Date "2017.02.22"]
[Round "7"]
[White "Smith, Bryan"]
[Black "Lesiege, Alexandre"]
[Result "0-1"]
[WhiteElo "2423"]
[BlackElo "2521"]
[WhiteFideId "-1"]
[WhiteFideId "-1"]
[PlyCount "108"]
[GameId "1089844240367616"]
[EventDate "2017.01.11"]
[EventType "team-swiss (rapid)"]
[EventRounds "7"]
[EventCountry "USA"]
[SourceTitle "EXT 2018"]
[Source "ChessBase"]
[SourceDate "2017.10.13"]
[SourceVersion "1"]
[SourceVersionDate "2017.10.13"]
[SourceQuality "1"]
[WhiteTeam "Philadelphia Inventors"]
[BlackTeam "Montreal ChessBrahs"]
[WhiteTeamCountry "USA"]
[BlackTeamCountry "CAN"]

1. e4 e5 2. Nf3 Nc6 3. Bc4 Bc5 4. c3 Nf6 5. d3 O-O 6. O-O a6 7. Nbd2 d6 8. Bb3 Ba7 9. h3 h6 10. Re1 Re8 11. Nf1 Be6 12. Bc2 d5 13. exd5 Qxd5 14. Be3 Bxe3 15. Nxe3 Qd7 16. Nh4 g6 17. Qf3 Kg7 18. Rad1 Rad8 19. a3 b5 20. g4 h5 21. gxh5 Nxh5 22. d4 exd4 23. Nhf5+ Bxf5 24. Nxf5+ Kf8 25. Rxe8+ Rxe8 26. cxd4 Nf6 27. Ne3 Qd6 28. Ng4 Nxg4 29. Qxg4 Qf6 30. Bb3 Rd8 31. d5 Ne5 32. Qb4+ Kg7 33. f4 Nf3+ 34. Kf2 Nh4 35. Qd4 Qxd4+ 36. Rxd4 Nf5 37. Rd1 Kf6 38. Rc1 Nd4 39. Ba2 Re8 40. Bb1 Re2+ 41. Kf1 Rxb2 42. Bd3 Rb3 43. Be4 Re3 44. Bg2 Rxa3 45. Rxc7 Rd3 46. Ra7 b4 47. Rxa6+ Kf5 48. d6 Kxf4 49. d7 Ne6 50. Bc6 b3 51. Rb6 Kg3 52. Ke2 Rd6 53. Rxb3+ Kh4 54. Bb5 Nd4+ 0-1

[Event "Pere Noel"]
[Site "Montreal CAN"]
[Date "2016.12.26"]
[Round "1.2"]
[White "Lesiege, Alexandre"]
[Black "Durette, Francis"]
[Result "1-0"]
[WhiteElo "2576"]
[BlackElo "2106"]
[WhiteFideId "-1"]
[WhiteFideId "-1"]
[PlyCount "101"]
[GameId "2160767908475138"]
[EventDate "2016.12.26"]
[EventType "swiss"]
[EventRounds "5"]
[EventCountry "CAN"]
[SourceTitle "hb 2016"]

1. Nf3 Nf6 2. c4 g6 3. Nc3 Bg7 4. e4 d6 5. d4 O-O 6. Be2 e5 7. O-O exd4 8. Nxd4 Nc6 9. Be3 Re8 10. f3 Nh5 11. Qd2 Nf4 12. Rf2 Nxe2+ 13. Rxe2 Ne5 14. b3 a5 15. Rc1 Bd7 16. Ndb5 Bc6 17. Nd5 Bxd5 18. cxd5 Re7 19. Qd1 Rd7 20. Rd2 g5 21. Nd4 Ng6 22. Rdc2 Be5 23. Nf5 Bf4 24. Qd2 a4 25. b4 Rc8 26. b5 Bxe3+ 27. Qxe3 Ne5 28. h4 f6 29. Rc3 Ra8 30. Nd4 Qe7 31. hxg5 fxg5 32. Ne6 c6 33. bxc6 bxc6 34. dxc6 Nxc6 35. Rxc6 Qxe6 36. Rc8+ Rxc8 37. Rxc8+ Kf7 38. Qxg5 Qg6 39. Qxg6+ hxg6 40. Ra8 Rb7 41. Rxa4 Rb2 42. Ra5 Ke6 43. Kh2 Kf6 44. Kg3 Ke6 45. Kh3 Rf2 46. a4 Ra2 47. g3 Ra3 48. Kg4 Kf6 49. Ra8 Kf7 50. a5 Ke6 51. a6 1-0

[Event "Pere Noel"]
[Site "Montreal CAN"]
[Date "2016.12.27"]
[Round "2.2"]
[White "Beaulieu, Eric"]
[Black "Lesiege, Alexandre"]
[Result "0-1"]
[WhiteElo "2202"]
[BlackElo "2576"]
[WhiteFideId "-1"]
[WhiteFideId "-1"]
[PlyCount "86"]
[GameId "2160767908475156"]
[EventDate "2016.12.26"]
[EventType "swiss"]
[EventRounds "5"]
[EventCountry "CAN"]

1. d4 d5 2. Nf3 Nf6 3. c4 dxc4 4. e3 Bg4 5. Bxc4 e6 6. O-O a6 7. b3 c5 8. dxc5 Nc6 9. Ba3 Ne4 10. Nbd2 Bxc5 11. Bb2 Nxd2 12. Qxd2 Qxd2 13. Nxd2 O-O 14. Ne4 Ba7 15. Ng3 h5 16. h3 h4 17. Ne4 Bh5 18. Rfc1 Rfd8 19. Bxa6 Bxe3 20. Bxb7 Bxc1 21. Bxc1 Rd1+ 22. Kh2 Rb8 23. Bxc6 Rc8 24. Bb5 Rdxc1 25. Rxc1 Rxc1 26. a4 Bd1 27. b4 Bc2 28. Nd2 Rd1 29. Nc4 Be4 30. f3 Bd5 31. Ne5 Rd4 32. Nd3 Bc4 33. Bxc4 Rxc4 34. b5 Rxa4 35. b6 Ra1 36. b7 Rb1 37. Nc5 Rb2 38. Kg1 Kh7 39. Kf1 Kg6 40. Ke1 Kf5 41. Kd1 e5 42. Kc1 Rb6 43. Kd2 Kf4 0-1

[Event "Pere Noel"]
[Site "Montreal CAN"]
[Date "2016.12.28"]
[Round "3.2"]
[White "Lesiege, Alexandre"]
[Black "Masse, Hugues"]
[Result "1-0"]
[WhiteElo "2576"]
[BlackElo "2314"]
[WhiteFideId "-1"]
[WhiteFideId "-1"]
[PlyCount "53"]
[GameId "2160767908475174"]
[EventDate "2016.12.26"]
[EventType "swiss"]
[EventRounds "5"]
[EventCountry "CAN"]
[SourceTitle "hb 2016"]

1. e4 e5 2. Nf3 Nc6 3. Bc4 Bc5 4. O-O Nf6 5. d3 d6 6. c3 a6 7. a4 Ba7 8. Na3 Ne7 9. Bg5 Ng6 10. Nh4 Nxh4 11. Bxh4 h6 12. d4 g5 13. Bg3 Qe7 14. f3 Nh5 15. Bf2 Nf4 16. Kh1 h5 17. Nc2 h4 18. Ne3 Be6 19. Bxe6 Qxe6 20. Nf5 Qc4 21. dxe5 dxe5 22. Bxa7 Rxa7 23. Rf2 Ra8 24. Rd2 Qc6 25. Qb3 Ne6 26. Rad1 O-O 27. Ne7+ 1-0

[Event "Pere Noel"]
[Site "Montreal CAN"]
[Date "2016.12.29"]
[Round "4.1"]
[White "Roussel-Roozmon, Thomas"]
[Black "Lesiege, Alexandre"]
[Result "0-1"]
[WhiteElo "2482"]
[BlackElo "2576"]
[WhiteFideId "-1"]
[WhiteFideId "-1"]
[PlyCount "124"]
[GameId "2160767908475191"]
[EventDate "2016.12.26"]
[EventType "swiss"]
[EventRounds "5"]
[EventCountry "CAN"]
[SourceTitle "hb 2016"]

1. d4 Nf6 2. Nf3 d5 3. c4 e6 4. Nc3 c6 5. e3 Nbd7 6. Bd3 dxc4 7. Bxc4 b5 8. Be2 b4 9. Na4 Bb7 10. O-O Be7 11. a3 bxa3 12. b3 O-O 13. Bxa3 Bxa3 14. Rxa3 Qe7 15. Qc1 Ne4 16. Bd3 c5 17. Bxe4 Bxe4 18. Nxc5 Nxc5 19. Qxc5 Qb7 20. Qh5 Rfc8 21. Ng5 Bg6 22. Qe2 h6 23. Nh3 Rc2 24. Qd1 Rac8 25. Nf4 Be4 26. h4 Qe7 27. Ra5 Qxh4 28. Rxa7 Rb2 29. Nd3 Qg5 30. g3 Qf5 31. Nxb2 Qh3 32. f3 Qxg3+ 33. Kh1 Rc2 34. Qxc2 Bxc2 35. Ra8+ Kh7 36. Ra7 Qb8 37. Ra3 Qb5 38. Kg1 Bxb3 39. Raa1 Qe2 40. Nd1 Bxd1 41. Raxd1 Qxe3+ 42. Rf2 Qb3 43. Rdd2 g5 44. Kg2 Kg6 45. Rfe2 Kf6 46. Kf2 h5 47. Re3 Qb4 48. Red3 Qb8 49. d5 exd5 50. Rxd5 Qh2+ 51. Kf1 Qf4 52. R2d3 Kg6 53. R5d4 Qh2 54. Rd2 Qg3 55. R2d3 Qh3+ 56. Kg1 f6 57. f4 Qg4+ 58. Kf1 Qf5 59. Kg2 g4 60. Kg3 Qe6 61. Kf2 h4 62. Rd5 Qe4 0-1

[Event "Pere Noel"]
[Site "Montreal CAN"]
[Date "2016.12.30"]
[Round "5.1"]
[White "Lesiege, Alexandre"]
[Black "Yu, Zong Yang"]
[Result "1/2-1/2"]
[WhiteElo "2576"]
[BlackElo "2476"]
[WhiteFideId "-1"]
[WhiteFideId "-1"]
[PlyCount "73"]
[GameId "2160767908475208"]
[EventDate "2016.12.26"]
[EventType "swiss"]
[EventRounds "5"]
[EventCountry "CAN"]
[SourceTitle "hb 2016"]

1. d4 d5 2. c4 c6 3. cxd5 cxd5 4. Bf4 Nc6 5. Nc3 Nf6 6. e3 Bf5 7. Qb3 Na5 8. Qa4+ Bd7 9. Qc2 e6 10. Nf3 Be7 11. Bd3 Nc6 12. a3 Nh5 13. Be5 f6 14. Bg3 Nxg3 15. hxg3 f5 16. Bb5 Bd6 17. Qd3 Qf6 18. Nd2 O-O 19. f4 Nb8 20. Nf3 a6 21. Bxd7 Nxd7 22. g4 Qg6 23. g5 Nb6 24. Kf2 Rfc8 25. Rh2 Nd7 26. Nh4 Qf7 27. g4 g6 28. gxf5 gxf5 29. Nf3 Nf8 30. Rah1 Rc7 31. g6 Qf6 32. gxh7+ Rxh7 33. Ng5 Rxh2+ 34. Rxh2 Qxg5 35. Rg2 Qxg2+ 36. Kxg2 Rd8 37. Na4 1/2-1/2

[Event "Francophonie-ch"]
[Site "Menton FRA"]
[Date "2016.10.23"]
[Round "1.7"]
[White "Lesiege, Alexandre"]
[Black "Benenati, Gianfranco"]
[Result "1-0"]
[WhiteElo "2521"]
[BlackElo "1764"]
[WhiteFideId "-1"]
[WhiteFideId "-1"]
[PlyCount "67"]
[GameId "2130307638847561"]
[EventDate "2016.10.23"]
[EventType "swiss"]
[EventRounds "9"]
[EventCountry "FRA"]
[SourceTitle "10 Days #487"]
[Source "Chess Mix"]

1. d4 Nf6 2. c4 g6 3. Nf3 Bg7 4. g3 d6 5. Bg2 c6 6. O-O O-O 7. Nc3 Nbd7 8. e4 e5 9. h3 Qe7 10. Re1 Rd8 11. Be3 Nf8 12. d5 c5 13. Rb1 h6 14. Qc1 Kh7 15. b4 b6 16. bxc5 bxc5 17. Nd2 Ng8 18. Qc2 f5 19. f4 fxe4 20. Ndxe4 Bf5 21. g4 Bxe4 22. Nxe4 Rab8 23. f5 gxf5 24. Ng3 Kh8 25. Nxf5 Qf6 26. Rf1 Rxb1 27. Qxb1 Qg6 28. Be4 Qe8 29. Qe1 Nf6 30. Nxg7 Kxg7 31. Bxh6+ Kxh6 32. Qh4+ Nh5 33. Rf6+ Kg7 34. Qg5+ 1-0

[Event "Francophonie-ch"]
[Site "Menton FRA"]
[Date "2016.10.24"]
[Round "2.7"]
[White "Tripi, Nicolo"]
[Black "Lesiege, Alexandre"]
[Result "0-1"]
[WhiteElo "1976"]
[BlackElo "2521"]
[WhiteFideId "-1"]
[WhiteFideId "-1"]
[PlyCount "55"]
[GameId "2130307638847568"]
[EventDate "2016.10.23"]
[EventType "swiss"]
[EventRounds "9"]
[EventCountry "FRA"]
[SourceTitle "10 Days #487"]
[Source "Chess Mix"]

1. e4 e5 2. Nf3 Nc6 3. d4 exd4 4. Nxd4 Bc5 5. Be3 Qf6 6. Nb5 Bxe3 7. fxe3 Qh4+ 8. g3 Qxe4 9. Nxc7+ Kd8 10. Nxa8 Nf6 11. Nc3 Qxh1 12. Qd6 Qf3 13. Qc7+ Ke7 14. Qf4 Qxf4 15. exf4 Kd8 16. O-O-O Re8 17. Bc4 Re7 18. a3 b6 19. Nb5 Bb7 20. Nxb6 axb6 21. Nd6 Na5 22. Bxf7 Bf3 23. Rf1 Be2 24. Re1 Bg4 25. Rxe7 Kxe7 26. b4 Kxd6 27. bxa5 bxa5 28. Kb2 0-1